[Event "Bayerische EM 2012 Allgemeine Klasse"]
[Site "Bayerisch Eisenstein"]
[Date "2012.08.21"]
[Round "4.6"]
[White "Kunz, Konstantin"]
[Black "Kapfer, Ulrich"]
[Result "1/2-1/2"]
[WhiteElo "2303"]
[BlackElo "1737"]
[PlyCount "90"]
[EventDate "2012.??.??"]
[WhiteTeam "SC Kitzingen von 1905"]
[BlackTeam "SC Dillingen"]

1. d4 e6 2. Nf3 d5 3. c4 Nf6 4. Nc3 Be7 5. cxd5 exd5 6. Bg5 c6 7. Qc2 O-O 8. e3
Re8 9. Bd3 Nbd7 10. h3 Nf8 11. Bf4 Bd6 12. Bxd6 Qxd6 13. O-O-O a5 14. Kb1 b5
15. Rc1 Bd7 16. g4 Reb8 17. g5 Ne8 18. Ne2 b4 19. Qd2 Nc7 20. Ng3 Nb5 21. Bxb5
cxb5 22. Qd3 a4 23. Ne5 b3 24. Nf5 Bxf5 25. Qxf5 a3 26. axb3 axb2 27. Kxb2 Qa3+
28. Kc3 b4+ 29. Kd2 Qxb3 30. Qxf7+ Kh8 31. Ke2 Qb2+ 32. Kf3 Ng6 33. Nxg6+ hxg6
34. Rb1 Qc2 35. Rhc1 Qe4+ 36. Kg3 Rf8 37. f3 Qxe3 38. Qxd5 Rad8 39. Qe4 Qxg5+
40. Qg4 Qf6 41. Rc4 Qd6+ 42. f4 Rb8 43. Rb3 Rb6 44. Rc8 Rb8 45. Rc4 Rb6 1/2-1/2

[Event "Bayerische EM 2012 Allgemeine Klasse"]
[Site "Bayerisch Eisenstein"]
[Date "2012.08.21"]
[Round "4.7"]
[White "Schelle, Artur"]
[Black "Schatz, Christian"]
[Result "0-1"]
[WhiteElo "2215"]
[BlackElo "2222"]
[PlyCount "126"]
[EventDate "2012.??.??"]
[WhiteTeam "SC Tarrasch 45 München"]
[BlackTeam "Schachzentrum Fürth 2002"]

1. e4 c5 2. Nc3 Nc6 3. g3 g6 4. Bg2 Bg7 5. d3 Nf6 6. Nge2 d6 7. Bg5 h6 8. Be3
Ng4 9. Bc1 Rb8 10. h3 Nf6 11. Rb1 b5 12. a3 a5 13. a4 b4 14. Nb5 O-O 15. Be3 e5
16. c3 Ba6 17. c4 Ne8 18. Qd2 Kh7 19. h4 Nd4 20. h5 g5 21. Bxd4 cxd4 22. Bh3
Bc8 23. Bxc8 Qxc8 24. g4 Qxg4 25. Ng3 Rg8 26. Qe2 Qxe2+ 27. Kxe2 Bf8 28. Nf5
Rd8 29. Rbc1 Rd7 30. b3 Ng7 31. Nxg7 Kxg7 32. Kf3 Kf6 33. Kg4 Ke7 34. Rh3 f5+
35. exf5 Kf6 36. Rhh1 Be7 37. Rhe1 Rc8 38. f3 Bd8 39. Rc2 Bb6 40. Rce2 Bc5 41.
Rg2 Rg7 42. Rge2 Rf7 43. Rg2 Ke7 44. f4 gxf4 45. Kf3 Rxf5 46. Rg7+ Rf7 47. Rg6
Rh7 48. Reg1 Rf8 49. Nc7 Rf5 50. Rg8 Kd7 51. Nd5 Rhf7 52. R1g6 e4+ 53. dxe4
Rxd5 54. cxd5 d3 55. R8g7 Ke7 56. Re6+ Kf8 57. Rg2 Be3 58. Rxd6 d2 59. Rxd2
Bxd2 60. e5 Rf5 61. e6 Re5 62. Rd8+ Ke7 63. Rd7+ Ke8 0-1

[Event "Bayerische EM 2012 Allgemeine Klasse"]
[Site "Bayerisch Eisenstein"]
[Date "2012.08.21"]
[Round "4.8"]
[White "Lochte, Thomas"]
[Black "Zill, Christoph"]
[Result "1-0"]
[WhiteElo "2164"]
[BlackElo "2219"]
[PlyCount "47"]
[EventDate "2012.??.??"]
[WhiteTeam "SK Weilheim"]
[BlackTeam "SK Freising"]

1. e4 e6 2. d4 d5 3. Nd2 Be7 4. Bd3 c5 5. c3 cxd4 6. cxd4 Nc6 7. Ne2 dxe4 8.
Nxe4 Nf6 9. O-O O-O 10. Nxf6+ Bxf6 11. Be3 Nb4 12. Be4 Nd5 13. Qd3 g6 14. Bh6
Re8 15. Qf3 Bd7 16. Bxd5 exd5 17. Nc3 Be6 18. Nb5 Be7 19. Rac1 Rc8 20. Rxc8
Qxc8 21. Rc1 Qd7 22. Rc7 Qxb5 23. Rxe7 Bf5 24. Qe3 1-0

[Event "Bayerische EM 2012 Allgemeine Klasse"]
[Site "Bayerisch Eisenstein"]
[Date "2012.08.21"]
[Round "4.9"]
[White "Kuhn, Tobias"]
[Black "Walter, Florian"]
[Result "1-0"]
[WhiteElo "2218"]
[BlackElo "2128"]
[PlyCount "59"]
[EventDate "2012.??.??"]
[WhiteTeam "SK 1982 Klingenberg/Main"]
[BlackTeam "SV Lauf a.d.P."]

1. c4 d6 2. Nc3 g6 3. g3 Bg7 4. Bg2 e5 5. e3 Nc6 6. Nge2 Nge7 7. O-O O-O 8. d4
Bd7 9. b3 exd4 10. exd4 Nf5 11. d5 Ncd4 12. Nxd4 Bxd4 13. Bb2 Bg7 14. Re1 Re8
15. Qd2 Qf6 16. Rab1 Nd4 17. Ne4 Nf3+ 18. Bxf3 Qxf3 19. Re3 Qf5 20. Rbe1 f6 21.
Qd4 Rf8 22. c5 dxc5 23. Nxc5 Rae8 24. Ne6 Bxe6 25. dxe6 c5 26. Qd7 b6 27. Qb7
Qc2 28. R3e2 Qd3 29. e7 Rf7 30. Qc6 1-0

[Event "Bayerische EM 2012 Allgemeine Klasse"]
[Site "Bayerisch Eisenstein"]
[Date "2012.08.21"]
[Round "4.10"]
[White "Laubert, Johannes"]
[Black "Knechtel, Roland"]
[Result "0-1"]
[WhiteElo "2108"]
[BlackElo "2217"]
[PlyCount "128"]
[EventDate "2012.??.??"]
[WhiteTeam "SC Windischeschenbach"]
[BlackTeam "SV Röhrnbach e.V."]

1. e4 c5 2. Nf3 d6 3. c3 Nf6 4. Bd3 g6 5. Bc2 Bg7 6. h3 O-O 7. O-O b6 8. d4 Bb7
9. Re1 Qc7 10. Bf4 Nbd7 11. d5 b5 12. Bh2 Nb6 13. Nbd2 Nfd7 14. Rc1 Rae8 15.
Bd3 c4 16. Bc2 f5 17. Ng5 Nc5 18. exf5 gxf5 19. Nxh7 Kxh7 20. Qh5+ Kg8 21. Bxf5
Rxf5 22. Qxe8+ Rf8 23. Qxe7 Qxe7 24. Rxe7 Nxd5 25. Re2 Nd3 26. Rb1 N5f4 27. Re7
Bxg2 28. Bxf4 Nxf4 29. Rxa7 Bxh3 30. Re1 Nd3 31. Re3 Bf5 32. a4 Bh6 33. axb5
Bxe3 34. fxe3 d5 35. b3 Be6 36. b6 Rb8 37. b7 Kf7 38. bxc4 dxc4 39. Ne4 Ke7 40.
Kf1 Kd7 41. Ke2 Kc7 42. Kd2 Rh8 43. Kc2 Kb6 44. Ra4 Rh2+ 45. Kb1 Kxb7 46. Nd6+
Kb6 47. e4 Rb2+ 48. Ka1 Rc2 49. Nxc4+ Kc5 50. Na3 Rxc3 51. Nb1 Rc1 52. Ra3 Kd4
53. Ra6 Ke5 54. Ra3 Kxe4 55. Ra8 Kd4 56. Ra4+ Bc4 57. Ra8 Rh1 58. Rd8+ Bd5 59.
Rd7 Nc5 60. Rg7 Be4 61. Rg4 Rxb1+ 62. Ka2 Rb8 63. Rg1 Kc3 64. Rc1+ Bc2 0-1

[Event "Bayerische EM 2012 Allgemeine Klasse"]
[Site "Bayerisch Eisenstein"]
[Date "2012.08.21"]
[Round "4.11"]
[White "Ciaffone, Daniel"]
[Black "Shashkin, Igor"]
[Result "0-1"]
[WhiteElo "2145"]
[BlackElo "2105"]
[PlyCount "45"]
[EventDate "2012.??.??"]
[WhiteTeam "FC Bayern München e.V."]
[BlackTeam "PTSV SK Hof 1892"]

1. e4 c5 2. c3 Nf6 3. e5 Nd5 4. d4 cxd4 5. Nf3 Nc6 6. Bc4 e6 7. cxd4 d6 8. Qe2
Be7 9. O-O O-O 10. a3 Bd7 11. Qe4 Rc8 12. Bd3 f5 13. exf6 Nxf6 14. Qh4 Qe8 15.
Nc3 Qh5 16. Qxh5 Nxh5 17. d5 Nd8 18. dxe6 Nxe6 19. Nd5 Bd8 20. Be3 Nhf4 21. Be4
Rc4 22. Nd2 Rxe4 23. Nxe4 0-1

[Event "Bayerische EM 2012 Allgemeine Klasse"]
[Site "Bayerisch Eisenstein"]
[Date "2012.08.21"]
[Round "4.12"]
[White "Kreuzer, Klaus"]
[Black "Bachhuber, Dominik"]
[Result "1/2-1/2"]
[WhiteElo "2130"]
[BlackElo "1858"]
[PlyCount "70"]
[EventDate "2012.??.??"]
[WhiteTeam "SC Bayerwald/Regen"]
[BlackTeam "Rainer SC"]

1. d4 Nf6 2. Nf3 d5 3. c4 g6 4. Nc3 Bg7 5. Bf4 O-O 6. e3 c5 7. dxc5 Qa5 8. Rc1
Ne4 9. Be5 Bxe5 10. Nxe5 Nxc3 11. Rxc3 Qxa2 12. Qc1 Qa5 13. cxd5 f6 14. Nf3 Nd7
15. Nd2 Rd8 16. Be2 Ne5 17. f4 Nf7 18. Bf3 Nh6 19. Nb3 Qb4 20. O-O Bg4 21. Bxg4
Nxg4 22. Rd1 Rac8 23. Rd4 Qb5 24. Qd1 Nh6 25. e4 Nf7 26. Qd2 Kg7 27. Rh3 Rc7
28. Rb4 Qd7 29. Rxb7 Rxb7 30. c6 Qc7 31. cxb7 Qxb7 32. Nc5 Qb6 33. Qf2 Rc8 34.
Ne6+ Kg8 35. Qxb6 axb6 1/2-1/2

[Event "Bayerische EM 2012 Allgemeine Klasse"]
[Site "Bayerisch Eisenstein"]
[Date "2012.08.21"]
[Round "4.13"]
[White "Lederle, Vitus"]
[Black "Stadler, Alex"]
[Result "1-0"]
[WhiteElo "2220"]
[BlackElo "2035"]
[PlyCount "67"]
[EventDate "2012.??.??"]
[WhiteTeam "SC Dillingen"]
[BlackTeam "SV Deggendorf"]

1. e4 c5 2. Nc3 e6 3. Nf3 Nf6 4. d4 d5 5. Bg5 cxd4 6. Qxd4 Be7 7. O-O-O Nc6 8.
Qa4 Bd7 9. exd5 Nxd5 10. Nxd5 Bxg5+ 11. Nxg5 Qxg5+ 12. f4 Qd8 13. Nc3 Qa5 14.
Qxa5 Nxa5 15. Ne4 b6 16. Nd6+ Ke7 17. Nxf7 Kxf7 18. Rxd7+ Kf6 19. Be2 Nc6 20.
Bf3 Rac8 21. Bxc6 Rxc6 22. Rxa7 Rd8 23. Rd1 Rcd6 24. Rxd6 Rxd6 25. a4 h6 26.
Ra6 Rd4 27. g3 g5 28. c3 Rc4 29. fxg5+ hxg5 30. Kd2 Kf5 31. b3 Rc6 32. a5 Rc5
33. axb6 Rb5 34. Kc2 1-0

[Event "Bayerische EM 2012 Allgemeine Klasse"]
[Site "Bayerisch Eisenstein"]
[Date "2012.08.21"]
[Round "4.14"]
[White "Hornung, Hans"]
[Black "Beier, Klaus"]
[Result "0-1"]
[WhiteElo "2138"]
[BlackElo "2126"]
[PlyCount "94"]
[EventDate "2012.??.??"]
[WhiteTeam "SK Klosterlechfeld"]
[BlackTeam "SK Michelau"]

1. d4 f5 2. g3 Nf6 3. Bg2 e6 4. Nf3 Be7 5. O-O O-O 6. c4 d5 7. b3 Nbd7 8. Ng5
Nb8 9. Nh3 c6 10. Bb2 Bd7 11. Nd2 Be8 12. Nf3 h6 13. Nf4 Bf7 14. Ne5 Qe8 15.
Qc2 Bd6 16. Nfd3 Nbd7 17. b4 Ng4 18. a4 Ngxe5 19. dxe5 Be7 20. cxd5 cxd5 21.
Qc7 Qc8 22. Rfc1 Re8 23. Qa5 b6 24. Qb5 Qb7 25. Nc5 Nxc5 26. bxc5 Rec8 27. Bd4
Be8 28. Qb2 Qa6 29. cxb6 axb6 30. Rxc8 Qxc8 31. Rc1 Bc5 32. Bxc5 bxc5 33. Qb6
c4 34. a5 c3 35. e3 c2 36. Bf1 Ba4 37. a6 Rb8 38. Qa5 Rb1 39. Qd2 Rxc1 40. Qxc1
Qc3 41. a7 Bc6 42. h4 d4 43. Bg2 d3 44. Bxc6 Qxc6 45. Kh2 Qa6 46. Qd2 Qxa7 47.
Qxd3 c1=Q 0-1

[Event "Bayerische EM 2012 Allgemeine Klasse"]
[Site "Bayerisch Eisenstein"]
[Date "2012.08.22"]
[Round "5.1"]
[White "Reich, Thomas"]
[Black "Schmid, Roland"]
[Result "1-0"]
[WhiteElo "2364"]
[BlackElo "2249"]
[PlyCount "83"]
[EventDate "2012.??.??"]
[WhiteTeam "FC Bayern München e.V."]
[BlackTeam "TSV Wacker Neutraubling"]

1. d4 e6 2. e4 d5 3. Nc3 Nf6 4. Bg5 Bb4 5. exd5 Qxd5 6. Bxf6 Bxc3+ 7. bxc3 gxf6
8. Qd2 Nd7 9. c4 Qe4+ 10. Ne2 b6 11. O-O-O Ba6 12. Nc3 Qf5 13. Kb2 Qa5 14. Nb5
Qxd2 15. Rxd2 Bxb5 16. cxb5 O-O-O 17. Be2 Rhg8 18. g3 f5 19. Re1 Nf6 20. Bf3
Rd6 21. c4 Rg6 22. Kc3 Rh6 23. h4 f4 24. Re5 fxg3 25. fxg3 Rg6 26. Rg5 Rd8 27.
Rxg6 hxg6 28. g4 Rh8 29. g5 Ne8 30. Rh2 Nd6 31. Kd3 Nf5 32. h5 gxh5 33. Rxh5
Rd8 34. d5 Nd6 35. Bg4 Kb8 36. dxe6 fxe6 37. Bxe6 Nxb5+ 38. Ke4 Nd6+ 39. Ke5
Re8 40. g6 Nc8 41. g7 Ne7 42. Kf6 1-0

[Event "Bayerische EM 2012 Allgemeine Klasse"]
[Site "Bayerisch Eisenstein"]
[Date "2012.08.22"]
[Round "5.2"]
[White "Jussupow, Nadia"]
[Black "Kolb, Wolfgang"]
[Result "1-0"]
[WhiteElo "2115"]
[BlackElo "2066"]
[PlyCount "105"]
[EventDate "2012.??.??"]
[WhiteTeam "SK Krumbach"]
[BlackTeam "SK Königsbrunn"]

1. d4 Nf6 2. Nf3 e6 3. Bg5 Be7 4. e3 d5 5. c4 c6 6. Nc3 Nbd7 7. Bd3 dxc4 8.
Bxc4 h6 9. Bf4 b5 10. Bd3 Bb7 11. O-O O-O 12. Rc1 Rc8 13. Ne5 a6 14. Ne4 c5 15.
Nxd7 Qxd7 16. Nxc5 Bxc5 17. dxc5 Qd5 18. Qf3 Qxf3 19. gxf3 Bxf3 20. Rfe1 Rfd8
21. Be2 Bc6 22. Red1 Ne4 23. f3 Rxd1+ 24. Bxd1 Nf6 25. e4 Rd8 26. Be2 Ne8 27.
Kf2 g5 28. Be3 f5 29. exf5 exf5 30. Rd1 Rxd1 31. Bxd1 Kf7 32. Bd4 Nc7 33. b4
Nd5 34. a3 Ne7 35. Bc2 Bd5 36. Kg3 Nc6 37. Bc3 Ke6 38. f4 Ne7 39. Bg7 gxf4+ 40.
Kxf4 Ng6+ 41. Ke3 Ne5 42. Kf4 Ng6+ 43. Kg3 h5 44. Bc3 f4+ 45. Kf2 Ne5 46. Bxe5
Kxe5 47. h4 Kd4 48. Bg6 a5 49. bxa5 Kxc5 50. Bxh5 b4 51. axb4+ Kxb4 52. a6 Kb5
53. Bf3 1-0

[Event "Bayerische EM 2012 Allgemeine Klasse"]
[Site "Bayerisch Eisenstein"]
[Date "2012.08.22"]
[Round "5.3"]
[White "Heimrath, Reiner"]
[Black "Lentrodt, Thomas"]
[Result "1/2-1/2"]
[WhiteElo "2206"]
[BlackElo "2328"]
[PlyCount "191"]
[EventDate "2012.??.??"]
[WhiteTeam "SC Noris-Tarrasch Nürnberg 1873"]
[BlackTeam "FC Bayern München e.V."]

1. e4 e6 2. Qe2 c5 3. Nf3 Nc6 4. c3 Nge7 5. d3 d5 6. g3 b6 7. Na3 Ng6 8. Bg2
Ba6 9. exd5 Qxd5 10. Nh4 Qd7 11. Nxg6 hxg6 12. Nc4 Rc8 13. O-O Be7 14. Bf4 O-O
15. Rad1 Rfd8 16. Rfe1 g5 17. Bc1 Bf6 18. a4 Ne7 19. Qc2 Bb7 20. f3 Bc6 21. b3
Qb7 22. Nd2 Ng6 23. Ne4 Be7 24. Nxg5 Rd7 25. Ne4 Rcd8 26. Be3 e5 27. Bh3 Rc7
28. Rf1 Bd7 29. Qg2 Qc8 30. Bxd7 Rcxd7 31. Qh3 Qc6 32. Bg5 Rxd3 33. Rxd3 Rxd3
34. Bxe7 Nxe7 35. Qh5 Ng6 36. Qf5 Qd7 37. Qh5 Rd1 38. h4 Rxf1+ 39. Kxf1 Qd1+
40. Kg2 Qc2+ 41. Kh3 Qxb3 42. Qg5 Qe6+ 43. Kg2 Ne7 44. h5 f6 45. Qh4 Nf5 46.
Qh1 Qa2+ 47. Kh3 Ne3 48. g4 Qe2 49. Kg3 Nf1+ 50. Kh3 Ne3 51. Kg3 Kf7 52. Nf2
Qf1 53. Qh2 Qe1 54. Kh3 Qxc3 55. g5 f5 56. g6+ Ke6 57. Qg3 f4 58. Qg1 Nf5 59.
Qg4 Qe1 60. Kg2 Qe2 61. h6 Kf6 62. Qxf5+ Kxf5 63. h7 e4 64. fxe4+ Kxg6 65. h8=Q
c4 66. Qe8+ Kh7 67. Qe5 Qd2 68. Qf5+ Kh8 69. Qc8+ Kh7 70. Qxc4 Qe3 71. Qd3 Qxd3
72. Nxd3 g5 73. Kf3 Kg6 74. Kg4 Kf6 75. e5+ Kg6 76. Nf2 a6 77. Nd3 f3 78. Kxf3
Kf5 79. Ke3 g4 80. Kd4 g3 81. Ne1 Ke6 82. Ng2 b5 83. axb5 axb5 84. Nf4+ Kf5 85.
Ne2 g2 86. Kd5 b4 87. e6 b3 88. e7 b2 89. e8=Q b1=Q 90. Qf7+ Kg5 91. Qe7+ Kh6
92. Qh4+ Kg7 93. Qd4+ Kh7 94. Qh4+ Kg7 95. Qg4+ Qg6 96. Qxg6+ 1/2-1/2

[Event "Bayerische EM 2012 Allgemeine Klasse"]
[Site "Bayerisch Eisenstein"]
[Date "2012.08.22"]
[Round "5.4"]
[White "Shashkin, Igor"]
[Black "Pohl-Kuemmel, Jens-Uwe"]
[Result "0-1"]
[WhiteElo "2105"]
[BlackElo "2315"]
[PlyCount "92"]
[EventDate "2012.??.??"]
[WhiteTeam "PTSV SK Hof 1892"]
[BlackTeam "TSV Wacker Neutraubling"]

1. e4 d6 2. d4 Nf6 3. Nc3 g6 4. f4 Bg7 5. Nf3 O-O 6. Be3 b6 7. e5 Ng4 8. Bg1 c5
9. dxc5 dxe5 10. Qd5 Qxd5 11. Nxd5 Bb7 12. Nc7 e4 13. Ne5 Nxe5 14. fxe5 Bxe5
15. Nxa8 Bxb2 16. Rd1 Bc3+ 17. Ke2 Bxa8 18. cxb6 axb6 19. Bxb6 Nc6 20. Ke3 e5
21. Bc4 Nd4 22. Bxd4 exd4+ 23. Rxd4 Bxd4+ 24. Kxd4 Rd8+ 25. Ke3 Kg7 26. Rb1 f5
27. a4 g5 28. g3 Rc8 29. Kd4 f4 30. gxf4 gxf4 31. Rf1 Rd8+ 32. Ke5 f3 33. Rg1+
Kh6 34. Kf4 Rd2 35. Rg8 Rxc2 36. Bb5 Bb7 37. Rb8 Rc7 38. a5 Rf7+ 39. Ke3 f2 40.
a6 Rf3+ 41. Kd2 e3+ 42. Kd1 f1=Q+ 43. Bxf1 Rxf1+ 44. Ke2 Bxa6+ 45. Kxe3 Rf6 46.
Rb4 Kh5 0-1

[Event "Bayerische EM 2012 Allgemeine Klasse"]
[Site "Bayerisch Eisenstein"]
[Date "2012.08.22"]
[Round "5.5"]
[White "Schatz, Christian"]
[Black "Lochte, Thomas"]
[Result "0-1"]
[WhiteElo "2222"]
[BlackElo "2164"]
[PlyCount "66"]
[EventDate "2012.??.??"]
[WhiteTeam "Schachzentrum Fürth 2002"]
[BlackTeam "SK Weilheim"]

1. Nf3 Nf6 2. g3 c5 3. Bg2 d5 4. O-O Nc6 5. d4 cxd4 6. Nxd4 e5 7. Nxc6 bxc6 8.
c4 Be7 9. Nc3 e4 10. Bg5 Be6 11. cxd5 cxd5 12. Bxf6 Bxf6 13. Qa4+ Qd7 14. Qxd7+
Kxd7 15. Rfd1 Bxc3 16. bxc3 Ke7 17. Rab1 Rab8 18. Rb3 Rxb3 19. axb3 Rc8 20. Rc1
d4 21. c4 f5 22. f3 e3 23. Ra1 Rb8 24. Rxa7+ Kf8 25. Ra3 f4 26. gxf4 Bf5 27. c5
Rb5 28. Bf1 Rxc5 29. Kg2 Rc2 30. Ra5 g6 31. Re5 d3 32. Kg3 d2 33. Rd5 Rc1 0-1

[Event "Bayerische EM 2012 Allgemeine Klasse"]
[Site "Bayerisch Eisenstein"]
[Date "2012.08.22"]
[Round "5.6"]
[White "Knechtel, Roland"]
[Black "Kuhn, Tobias"]
[Result "1/2-1/2"]
[WhiteElo "2217"]
[BlackElo "2218"]
[PlyCount "52"]
[EventDate "2012.??.??"]
[WhiteTeam "SV Röhrnbach e.V."]
[BlackTeam "SK 1982 Klingenberg/Main"]

1. d4 Nf6 2. Nf3 c5 3. c4 cxd4 4. Nxd4 Nc6 5. Nc3 g6 6. e4 d6 7. Be2 Bg7 8. Be3
O-O 9. O-O Bd7 10. f3 a5 11. Qd2 a4 12. b3 Qa5 13. Rab1 Rfc8 14. Nxc6 Bxc6 15.
b4 Qd8 16. a3 Bd7 17. Rbc1 Be6 18. Nb5 Bd7 19. c5 Ne8 20. Rfd1 Be6 21. cxd6
Nxd6 22. Nxd6 Qxd6 23. Rxc8+ Rxc8 24. Qxd6 exd6 25. Bb5 Bb3 26. Rc1 Rxc1+
1/2-1/2

[Event "Bayerische EM 2012 Allgemeine Klasse"]
[Site "Bayerisch Eisenstein"]
[Date "2012.08.22"]
[Round "5.7"]
[White "Kunz, Konstantin"]
[Black "Jussupow, Alexander"]
[Result "1/2-1/2"]
[WhiteElo "2303"]
[BlackElo "2170"]
[PlyCount "130"]
[EventDate "2012.??.??"]
[WhiteTeam "SC Kitzingen von 1905"]
[BlackTeam "SK Krumbach"]

1. d4 d5 2. c4 dxc4 3. Nf3 Nf6 4. e3 e6 5. Bxc4 c5 6. O-O a6 7. b3 b5 8. Be2
Bb7 9. dxc5 Qxd1 10. Rxd1 Bxc5 11. Bb2 Nbd7 12. a4 bxa4 13. Rxa4 Nb6 14. Ra1
O-O 15. Nbd2 Nfd5 16. Ne5 Rfd8 17. Bf3 f6 18. Nec4 Rab8 19. Ne4 Nd7 20. Nxc5
Nxc5 21. Na5 Ba8 22. Ra3 Nb4 23. Rxd8+ Rxd8 24. Ra1 Bxf3 25. gxf3 Rd3 26. Bd4
Nc2 27. Rc1 Nxd4 28. Rxc5 Nxf3+ 29. Kg2 Ne5 30. Rc8+ Kf7 31. Ra8 Rd6 32. Nb7
Rb6 33. Nc5 Rb5 34. Ra7+ Kg6 35. Nxe6 Rxb3 36. Rxg7+ Kh6 37. Ra7 Ra3 38. Nf8
Ra2 39. Kg3 Kg5 40. f4+ Kf5 41. fxe5 fxe5 42. Nxh7 Ra3 43. h4 Rxe3+ 44. Kg2 Kg4
45. Rg7+ Kxh4 46. Nf6 Re2+ 47. Kf3 Re1 48. Rg4+ Kh3 49. Rg3+ Kh4 50. Rg4+ Kh3
51. Rg6 Rf1+ 52. Ke2 Rf4 53. Ke3 Rf1 54. Rh6+ Kg3 55. Ne4+ Kg4 56. Rg6+ Kh4 57.
Rxa6 Re1+ 58. Kf3 Rf1+ 59. Ke2 Rf4 60. Ke3 Kg4 61. Rg6+ Kf5 62. Rf6+ Kg4 63.
Rg6+ Kf5 64. Rg5+ Ke6 65. Rg6+ Kf5 1/2-1/2

[Event "Bayerische EM 2012 Allgemeine Klasse"]
[Site "Bayerisch Eisenstein"]
[Date "2012.08.22"]
[Round "5.8"]
[White "Bartsch, Berthold"]
[Black "Kapfer, Ulrich"]
[Result "1-0"]
[WhiteElo "2269"]
[BlackElo "1737"]
[PlyCount "89"]
[EventDate "2012.??.??"]
[WhiteTeam "SC Forchheim e.V."]
[BlackTeam "SC Dillingen"]

1. Nc3 e6 2. e4 d5 3. g3 Nf6 4. Bg2 Be7 5. d3 dxe4 6. dxe4 Qxd1+ 7. Nxd1 Nc6 8.
Ne3 O-O 9. Bd2 Rd8 10. O-O-O a5 11. Ne2 a4 12. a3 Rb8 13. f4 b5 14. e5 Nd5 15.
Nc3 Nxc3 16. Bxc3 Bb7 17. Rhf1 Bc5 18. Rfe1 Rxd1+ 19. Nxd1 Rd8 20. Bd2 h6 21.
Be3 Bxe3+ 22. Rxe3 Na5 23. Bf1 c6 24. Nc3 Kf8 25. Ne4 Ba8 26. b4 axb3 27. cxb3
Rd4 28. b4 Nc4 29. Bxc4 Rxc4+ 30. Kd2 Ke7 31. Nc5 Rd4+ 32. Rd3 Rd5 33. Ke3 Kd8
34. g4 Kc7 35. h4 Bb7 36. g5 Bc8 37. Ne4 hxg5 38. hxg5 Kd7 39. Nd6 Ba6 40. Nxf7
Ke7 41. Nd6 Kd7 42. g6 Ke7 43. Rd4 Kf8 44. Rxd5 cxd5 45. Kd4 1-0

[Event "Bayerische EM 2012 Allgemeine Klasse"]
[Site "Bayerisch Eisenstein"]
[Date "2012.08.22"]
[Round "5.9"]
[White "Bachhuber, Dominik"]
[Black "Lederle, Vitus"]
[Result "0-1"]
[WhiteElo "1858"]
[BlackElo "2220"]
[PlyCount "120"]
[EventDate "2012.??.??"]
[WhiteTeam "Rainer SC"]
[BlackTeam "SC Dillingen"]

1. e4 c5 2. Nf3 Nc6 3. d4 cxd4 4. Nxd4 Qb6 5. Nb3 Nf6 6. Nc3 e6 7. Be3 Qc7 8.
Bd3 Be7 9. Qe2 a6 10. g4 d6 11. O-O-O b5 12. f3 Bb7 13. Qf2 Nd7 14. g5 Nce5 15.
Be2 O-O 16. f4 b4 17. Nd5 exd5 18. fxe5 Nxe5 19. exd5 Rac8 20. Na1 Qa5 21. Kb1
Bxd5 22. Nb3 Bxb3 23. cxb3 Qc7 24. Bxa6 Ra8 25. Bb5 Qb7 26. Ba4 Qe4+ 27. Ka1
Ng4 28. Qf4 Qxf4 29. Bxf4 Nf2 30. Rhe1 Nxd1 31. Rxe7 Nf2 32. Bb5 d5 33. h4 Ra5
34. Bc6 Nd3 35. Be3 Ne1 36. Kb1 Nf3 37. Bf2 Rc8 38. a4 Kf8 39. Bb7 Kxe7 40.
Bxc8 Kd6 41. Bg4 Nd2+ 42. Kc2 Ne4 43. Bb6 Ra6 44. a5 Kc6 45. Bf3 f5 46. gxf6
Nxf6 47. Kd3 Nd7 48. Kd4 Nxb6 49. axb6 Kxb6 50. Bxd5 Ra2 51. Kc4 Rxb2 52. Kxb4
Rh2 53. Kc3 Rxh4 54. Kd3 Kc5 55. Be6 Rf4 56. Ke3 Rf6 57. Bg4 g6 58. Ke4 h5 59.
Bd1 h4 60. Bg4 g5 0-1

[Event "Bayerische EM 2012 Allgemeine Klasse"]
[Site "Bayerisch Eisenstein"]
[Date "2012.08.22"]
[Round "5.10"]
[White "Zill, Christoph"]
[Black "Kreuzer, Klaus"]
[Result "0-1"]
[WhiteElo "2219"]
[BlackElo "2130"]
[PlyCount "86"]
[EventDate "2012.??.??"]
[WhiteTeam "SK Freising"]
[BlackTeam "SC Bayerwald/Regen"]

1. e4 d6 2. d4 Nf6 3. Nc3 g6 4. g3 Bg7 5. Bg2 O-O 6. Nge2 c6 7. a4 a5 8. O-O
Na6 9. h3 Qc7 10. Be3 Nb4 11. Qd2 Nd7 12. Na2 Nxa2 13. Rxa2 Re8 14. f4 Nb6 15.
b3 f5 16. exf5 gxf5 17. c4 e6 18. g4 d5 19. c5 Nd7 20. g5 b6 21. Rc1 bxc5 22.
dxc5 Rb8 23. Rb1 Rb4 24. Qc2 Ba6 25. Bd2 d4 26. Nc1 Rb7 27. b4 axb4 28. Bf1
Bxf1 29. Kxf1 e5 30. Rxb4 Rxb4 31. Bxb4 e4 32. Qc4+ Kf8 33. Rf2 Re7 34. Ne2 d3
35. Nd4 e3 36. Rf3 d2 37. Ke2 Qa7 38. Bxd2 exd2+ 39. Kxd2 Nxc5 40. Nxc6 Qd7+
41. Rd3 Nxd3 42. Nxe7 Nb2+ 43. Qd5 Kxe7 0-1

[Event "Bayerische EM 2012 Allgemeine Klasse"]
[Site "Bayerisch Eisenstein"]
[Date "2012.08.22"]
[Round "5.11"]
[White "Walter, Florian"]
[Black "Schelle, Artur"]
[Result "1/2-1/2"]
[WhiteElo "2128"]
[BlackElo "2215"]
[PlyCount "95"]
[EventDate "2012.??.??"]
[WhiteTeam "SV Lauf a.d.P."]
[BlackTeam "SC Tarrasch 45 München"]

1. c4 g6 2. g3 Bg7 3. Bg2 e5 4. Nc3 Ne7 5. d3 d6 6. Nf3 O-O 7. O-O Nbc6 8. Rb1
Rb8 9. b4 a6 10. a4 a5 11. b5 Nb4 12. Ba3 c5 13. bxc6 bxc6 14. Na2 c5 15. Nc3
Bb7 16. Nb5 f5 17. e4 f4 18. Bxb4 axb4 19. Bh3 Bc8 20. Bxc8 Rxc8 21. Kg2 Nc6
22. Nd2 Qd7 23. f3 fxg3 24. hxg3 Bh6 25. Nb3 Ra8 26. Rh1 Be3 27. Ra1 Bd4 28.
Ra2 Na5 29. Nxa5 Rxa5 30. Qb3 Rf7 31. Rf1 g5 32. Qd1 h6 33. Rh1 Qe6 34. g4 Qf6
35. Rh3 Kg7 36. Kh1 Kf8 37. Rah2 Rh7 38. Kg2 Ke8 39. Qc2 Be3 40. Nc7+ Rxc7 41.
Rxh6 Qf4 42. Rxd6 Rf7 43. Qd1 Bd4 44. Re6+ Kf8 45. Rh3 Rxa4 46. Re8+ Kg7 47.
Rh7+ Kg6 48. Rh6+ 1/2-1/2

[Event "Bayerische EM 2012 Allgemeine Klasse"]
[Site "Bayerisch Eisenstein"]
[Date "2012.08.22"]
[Round "5.12"]
[White "Krauß, Josef"]
[Black "Laubert, Johannes"]
[Result "1-0"]
[WhiteElo "2130"]
[BlackElo "2108"]
[PlyCount "53"]
[EventDate "2012.??.??"]
[WhiteTeam "Schachklub Schweinfurt 2000 e.V."]
[BlackTeam "SC Windischeschenbach"]

1. e4 e6 2. d4 d5 3. Nd2 Nc6 4. Ngf3 Nf6 5. e5 Nd7 6. Bb5 a6 7. Ba4 b5 8. Bb3
Na5 9. c3 Nxb3 10. axb3 c5 11. dxc5 Bxc5 12. b4 Bb6 13. Nb3 O-O 14. Nbd4 Bb7
15. O-O Qe8 16. Re1 Bc7 17. Bg5 Nb6 18. Qd3 Qd7 19. Bh4 h6 20. Nb3 Na4 21. Re2
Rae8 22. Nfd4 Bc8 23. Rxa4 g5 24. Nc5 Qe7 25. Nc6 bxa4 26. Nxe7+ Rxe7 27. Bg3
1-0

[Event "Bayerische EM 2012 Allgemeine Klasse"]
[Site "Bayerisch Eisenstein"]
[Date "2012.08.22"]
[Round "5.13"]
[White "Beier, Klaus"]
[Black "Ciaffone, Daniel"]
[Result "1/2-1/2"]
[WhiteElo "2126"]
[BlackElo "2145"]
[PlyCount "58"]
[EventDate "2012.??.??"]
[WhiteTeam "SK Michelau"]
[BlackTeam "FC Bayern München e.V."]

1. e4 e5 2. Nf3 Nc6 3. Bc4 Nf6 4. d3 Be7 5. O-O O-O 6. Nc3 d6 7. a3 Be6 8. Re1
Qd7 9. Bxe6 fxe6 10. Bg5 Qe8 11. d4 Qg6 12. d5 Nd4 13. Bxf6 Nxf3+ 14. Qxf3 Rxf6
15. Qg3 Qh6 16. Re3 Raf8 17. Rf1 Rf4 18. Qh3 Rh4 19. Qxe6+ Qxe6 20. dxe6 c6 21.
Rd3 Rh6 22. Nd1 Rxe6 23. Ne3 g6 24. Rfd1 Kf7 25. Nc4 Rd8 26. b4 Ke8 27. Na5 Rd7
28. c4 Rc7 29. Nb3 b6 1/2-1/2

[Event "Bayerische EM 2012 Allgemeine Klasse"]
[Site "Bayerisch Eisenstein"]
[Date "2012.08.22"]
[Round "5.14"]
[White "Stadler, Alex"]
[Black "Hornung, Hans"]
[Result "1-0"]
[WhiteElo "2035"]
[BlackElo "2138"]
[PlyCount "91"]
[EventDate "2012.??.??"]
[WhiteTeam "SV Deggendorf"]
[BlackTeam "SK Klosterlechfeld"]

1. Nf3 d6 2. d4 Nf6 3. c4 g6 4. Nc3 Bg7 5. e4 O-O 6. Be2 c5 7. d5 e6 8. O-O a6
9. h3 e5 10. Be3 Ne8 11. g4 f5 12. gxf5 gxf5 13. exf5 Bxf5 14. Ng5 Nc7 15. Bg4
b5 16. Ne6 Bxe6 17. dxe6 Nc6 18. Ne4 Nd4 19. Bg5 Rf6 20. f4 h6 21. Nxf6+ Bxf6
22. Bxh6 bxc4 23. fxe5 Bxe5 24. Rf8+ Qxf8 25. Bxf8 Rxf8 26. Qc1 Rf4 27. Kg2
Ndxe6 28. Qc2 Kg7 29. Rf1 Nd5 30. Re1 Nd4 31. Qa4 Nf6 32. Rf1 Nxg4 33. Qd7+ Kg6
34. hxg4 Kg5 35. Rxf4 Kxf4 36. Qf7+ Ke3 37. Qxc4 Ne2 38. Qxa6 Nf4+ 39. Kf1 Nd3
40. b3 Nb4 41. Qe2+ Kf4 42. Kg2 Kg5 43. a4 Nd5 44. Qd2+ Nf4+ 45. Kf3 d5 46. a5
1-0